000 003800000a22001450004500
001 004363
003 MACL
040 _aMACL
090 _c16356
_d16355
100 _aBhatt, G.P
245 _aAncient IndianTradition & Mythology Volume 47 Part 1
_bThe Padma P̜urana Part 9
_cG.P Bhatt
260 _aMotilal Banarsidass Publishers,
_c2002
650 _aReligion
942 _k295
_cBook
999 _c16254
_d16254